[Event "Biel"]
[Site "24"]
[Date "1991.07.19"]
[Round "1"]
[White "Bareev, Evgeny"]
[Black "Gavrikov, Viktor"]
[Result "1-0"]
[WhiteElo "2680"]
[BlackElo "2585"]
[Annotator "JvR"]
[PlyCount "77"]
[EventDate "1991.07.??"]
[SourceDate "2013.10.27"]

{The twenty-fourth Schachfestival was played from 19 vii until 3 viii 1991.
Eight grandmasters carried out two cycles.} 1. d4 Nf6 2. c4 g6 3. Nc3 d5 4. Bg5
Ne4 5. Bf4 Nxc3 6. bxc3 Bg7 7. e3 c5 8. Nf3 O-O 9. Rb1 $5 ({An alternative is} 
9. cxd5 Qxd5 10. Be2) 9... b6 ({A novelty will become} 9... cxd4 10. cxd4 Nc6 {
(Bareev - Beliavsky, Linares 1992).}) 10. Be2 dxc4 11. Bxc4 Nc6 12. O-O Na5 13.
Bd3 Bb7 14. Qe2 Rc8 ({Even better is} 14... Bxf3 $1 15. gxf3 e5 $1 16. dxe5 Qe7
) 15. Rfd1 e6 16. e4 cxd4 17. cxd4 Qe7 18. h4 Rfe8 $5 19. h5 $1 Nc6 $5 20. Bb5
Red8 21. Bg5 Bf6 22. Bxf6 Qxf6 23. Qe3 gxh5 $1 24. Bf1 Ne7 25. Rb5 Rc5 $5 {
An adventure begins.} 26. Rxc5 bxc5 27. d5 $1 exd5 28. Qxc5 Rc8 29. e5 $1 (29.
Qxa7 dxe4 30. Qxb7 exf3 {equalises (Bareev).}) 29... Rxc5 30. exf6 {
White has an advantage in the endgame, despite the loss of a pawn.} Ng6 31. Re1
Rc6 $5 32. Re8+ Nf8 33. Ne5 Re6 34. Bb5 a6 35. Ba4 $1 ({Not} 35. Bd7 $2 Rxe5 $1
36. Rxe5 Nxd7 37. Re8+ Nf8) 35... h6 $2 ({Right is} 35... Rxe8 36. Bxe8 Ng6 $1
37. Bxf7+ Kf8 38. Bxg6 hxg6 {(Bareev)} 39. f4 d4 {and White has a plus.}) 36.
Re7 $1 Bc8 37. Be8 $1 Rxf6 38. Bxf7+ Kh7 39. Be6+ {Bareev attacked wonderfully.
} 1-0

[Event "Biel"]
[Site "24"]
[Date "1991.07.22"]
[Round "4"]
[White "Adams, Michael"]
[Black "Shirov, Alexei"]
[Result "0-1"]
[WhiteElo "2615"]
[BlackElo "2610"]
[Annotator "JvR"]
[PlyCount "56"]
[EventDate "1991.07.??"]
[SourceDate "2013.10.27"]

1. e4 c5 2. Nf3 d6 3. d4 cxd4 4. Nxd4 Nf6 5. Nc3 g6 6. Bc4 Bg7 7. O-O O-O 8. h3
Nc6 9. Be3 Nxe4 10. Bxf7+ Kxf7 11. Nxe4 Nxd4 12. Bxd4 e5 13. Be3 d5 {
Black occupies the centre.} 14. Ng3 $6 ({Known is} 14. Bg5) 14... Kg8 $1 15. c3
Be6 {He has gained an edge.} 16. Ne2 g5 $5 17. Qd2 h6 18. h4 $5 gxh4 19. Bxh6
Qf6 20. Bg5 $1 Qg6 21. Bxh4 Rf5 {Black has compensation for the pawn.} 22. f4
$1 Qg4 23. Bg5 $2 (23. Bg3 $1 Bh6 24. Qd3 e4 25. Qe3 Raf8 26. Rae1 {
defends properly.}) 23... Raf8 $1 24. Rf2 $2 (24. Rac1 $1 R8f7 25. Rf2 Bd7 26.
Qd3 Bf8 27. b4 {tries to survive.}) 24... d4 $1 25. cxd4 $6 exf4 $1 26. Bxf4 ({
Or} 26. Nxf4 Rxg5 27. Nxe6 Rxf2 28. Kxf2 Qxg2+ 29. Ke1 Qh1+ 30. Ke2 Rg2+ {
and Black wins (Boensch).}) 26... Bc4 $1 27. Be3 Rxf2 28. Bxf2 Bxe2 {
Shirov succeeded in a swift attack.} 0-1

[Event "Biel"]
[Site "24"]
[Date "1991.07.23"]
[Round "5"]
[White "Lautier, Joel"]
[Black "Kozul, Zdenko"]
[Result "1-0"]
[WhiteElo "2560"]
[BlackElo "2560"]
[Annotator "JvR"]
[PlyCount "79"]
[EventDate "1991.07.??"]
[SourceDate "2013.10.27"]

1. d4 Nf6 2. c4 g6 3. Nc3 d5 4. cxd5 Nxd5 5. e4 Nxc3 6. bxc3 Bg7 7. Bc4 c5 8.
Ne2 O-O 9. O-O Nc6 10. Be3 Qc7 11. Rb1 Bg4 12. f3 Bd7 13. dxc5 $5 Na5 14. Bb5
Rfd8 $6 ({Preferable is} 14... Bxb5 15. Rxb5 Nc4 16. Bf2 Rfd8 17. Qa4 a6) 15.
Qa4 $1 e5 $1 16. Bxd7 Rxd7 17. Rfd1 Rad8 18. Rxd7 Rxd7 19. Rd1 Rxd1+ 20. Qxd1 {
Pawn c5 hinders Black.} Nc4 $1 21. Bf2 Bf8 22. Qd5 Nb2 23. Nc1 a5 24. Kf1 $1
Na4 $2 ({Better is} 24... a4 25. Ke2 $1 Qa5 26. Qxe5 Qb5+ 27. Ke1 Nc4 28. Qd5
Qb2 29. Qxc4 Qxc1+ 30. Ke2 Bg7 {(Lautier).}) 25. Nd3 Be7 26. Bg3 $1 Bxc5 27.
Qc4 Qc6 28. Nxe5 Qe8 29. Ng4 Qd8 $2 30. Qxa4 $1 Qd3+ 31. Ke1 Qxc3+ 32. Ke2 Qb2+
33. Kd3 Qb1+ 34. Kc4 Qc1+ 35. Kd5 Bf8 36. e5 $1 Qd2+ 37. Ke4 Qe2+ 38. Ne3 Bc5
39. Bf4 b5 40. Qc2 {Lautier benefitted from his opponent's mistakes.} 1-0

[Event "Biel"]
[Site "24"]
[Date "1991.07.23"]
[Round "5"]
[White "Shirov, Alexei"]
[Black "Andersson, Ulf"]
[Result "0-1"]
[WhiteElo "2610"]
[BlackElo "2625"]
[Annotator "JvR"]
[PlyCount "106"]
[EventDate "1991.07.??"]
[SourceDate "2013.10.27"]

1. Nf3 c5 2. g3 g6 3. Bg2 Bg7 4. O-O Nf6 5. d3 Nc6 6. a3 O-O 7. c3 b6 8. b4 Bb7
9. Bb2 Qc7 $5 10. Nbd2 d5 11. b5 Na5 12. c4 dxc4 13. Be5 $6 ({Preferable is} 
13. Nxc4 Nxc4 14. dxc4 Rad8 15. Qb3) 13... Qd7 $1 14. dxc4 Rad8 15. Bc3 $5 Ne4
$1 16. Bxa5 $2 ({Better is} 16. Nxe4 Bxe4 17. Bxg7 Qxd1 18. Raxd1 Kxg7) 16...
bxa5 $2 (16... Nxd2 17. Nxd2 Bxg2 18. Kxg2 bxa5 19. Nf3 Bxa1 {
gains an exchange.}) 17. Nxe4 Bxe4 18. Qxd7 Rxd7 19. Rad1 Rfd8 20. Rxd7 Rxd7
21. Ne5 $1 Bxe5 22. Bxe4 Rd2 {Black has a positional plus.} 23. e3 e6 24. f4
Bb2 25. Rf2 $1 Rd1+ 26. Rf1 Rxf1+ 27. Kxf1 Bxa3 28. Ke2 {
The sacrifice of a pawn has led to a drawn bishop ending.} Bc1 29. Bc2 f5 30.
Kf3 Kf7 31. e4 fxe4+ 32. Kxe4 Kf6 33. Bd1 Bb2 34. Bc2 Bd4 35. Kf3 h6 36. Bd1 g5
37. h3 Bc3 38. fxg5+ Kxg5 39. Ke4 Kf6 40. h4 $5 ({More solid is} 40. Bc2) 40...
Be1 41. Kf4 $1 e5+ 42. Kf3 h5 43. g4 $1 ({Roger analyses} 43. Bc2 $2 e4+ $3 44.
Kxe4 Bxg3 45. Bd1 Kg6 $1 46. Kd5 Bxh4 47. Kxc5 Bf2+ 48. Kd5 h4 {
and the distant passed pawns just decide the game.}) 43... hxg4+ 44. Kxg4 Bxh4
$1 45. Kxh4 $2 {White should neglect the bishop.} (45. Kf3 $1 Be1 46. Bc2 {
stops the entry of the black king.}) 45... Kf5 $1 46. Kg3 Ke4 $1 47. Kf2 Kd3 {
Black threatens ..Kd2.} 48. Ke1 Kxc4 49. Kd2 Kb4 50. Kc2 e4 51. Bg4 a4 52. Bf5
e3 53. Be6 c4 {The passed pawns advance victoriously.} 0-1

[Event "Biel"]
[Site "24"]
[Date "1991.07.26"]
[Round "7"]
[White "Adams, Michael"]
[Black "Andersson, Ulf"]
[Result "0-1"]
[WhiteElo "2615"]
[BlackElo "2625"]
[Annotator "JvR"]
[PlyCount "120"]
[EventDate "1991.07.??"]
[SourceDate "2013.10.27"]

1. e4 e6 2. d4 d5 3. Nd2 c5 4. exd5 Qxd5 5. Ngf3 cxd4 6. Bc4 Qd6 7. O-O Nf6 8.
Nb3 Nc6 9. Nbxd4 Nxd4 10. Nxd4 Bd7 11. c3 a6 12. Qe2 Be7 13. Bg5 O-O $5 14.
Rad1 Qc7 15. f4 {
The chances are about even. White tries to take the initiative.} Rfe8 16. Kh1
Rad8 17. Bb3 Bc8 18. Rd3 Nd5 19. Qh5 Bxg5 20. Qxg5 h6 21. Qh4 $5 Nf6 22. h3 $5
b6 $1 23. Rg3 Kh8 24. Re1 Bb7 25. Re5 Rg8 26. Kh2 $5 Qd6 $2 27. Bc2 $2 ({
Adams misses the opportunity} 27. Nxe6 $1 fxe6 28. Rxe6 Qf8 29. Rg6 Nh7 30. Re7
$1 Bd5 31. Bc2 Bf7 32. Rxb6 {and White attacks.}) 27... Qf8 28. Re2 Rd5 29. Rg5
Qb8 30. Kg1 Qd8 31. Rxd5 Qxd5 32. Bb3 Qd6 33. Rd2 Qc7 34. Rd1 Rd8 35. Qf2 Bd5
36. Re1 b5 37. Bxd5 Rxd5 38. Qe3 Kg8 39. Nf3 Nd7 40. Ne5 $5 Nxe5 41. fxe5 a5 $1
{Black has a better ending.} 42. Re2 Qc4 43. a3 Rd3 44. Qf2 Rd1+ 45. Re1 Rxe1+
46. Qxe1 Qd3 47. b3 $2 ({Right is} 47. Kf2 $1 Qf5+ 48. Kg3 $1 Qc2 49. Qf2 Qg6+
50. Kh2 Qe4 51. Qd4 Qxd4 52. cxd4 {and White will survive in the pawn ending.})
47... Qc2 $1 {Black has a won queen ending.} 48. b4 a4 $1 49. Qe3 Qa2 $5 50.
Qd3 ({Or} 50. Qc1 Qe2 51. c4 bxc4 52. b5 Qd3 53. b6 Qd4+) 50... Qxa3 51. Qd8+
Kh7 52. Qd3+ g6 53. Qf1 Kg8 54. Qxb5 Qc1+ 55. Kh2 Qf4+ 56. Kg1 a3 57. Qa5 Qc1+
58. Kh2 Qxc3 59. Qd8+ Kh7 60. Qf6 Qc7 $1 {The standings after one cycle were:
Bareev, Andersson, Shirov and Lautier 4/7, etc.} 0-1

[Event "Biel"]
[Site "24"]
[Date "1991.07.27"]
[Round "8"]
[White "Shirov, Alexei"]
[Black "Lautier, Joel"]
[Result "1-0"]
[WhiteElo "2610"]
[BlackElo "2560"]
[Annotator "JvR"]
[PlyCount "93"]
[EventDate "1991.07.??"]
[SourceDate "2013.10.27"]

1. d4 Nf6 2. c4 e6 3. Nc3 Bb4 4. Qc2 c5 5. dxc5 Na6 6. a3 Bxc3+ 7. Qxc3 Nxc5 8.
b4 Nce4 9. Qd4 d5 10. c5 b6 11. f3 bxc5 12. bxc5 Qa5+ 13. Qb4 Qc7 14. fxe4 Rb8
15. Qa4+ Bd7 16. c6 O-O 17. Bd2 Bxc6 18. Qa5 Qe5 19. Bc3 Qxe4 $5 {
Black has two pawns for a piece.} 20. Bxf6 gxf6 21. Nf3 d4 22. Qd2 e5 23. h4 $5
Qg6 $6 (23... Rb3 $1 24. h5 Bd7 25. Rh4 Qe3 26. Qxe3 Rxe3 {
restricts the opponent.}) 24. Kf2 Kh8 25. h5 Qg7 26. Rc1 Rb6 27. g4 $1 e4 $2 ({
Better is} 27... Re8 $1 28. Bg2 e4 $1 29. Qxd4 exf3 30. exf3 f5) 28. Qxd4 $1 ({
Not} 28. Nxd4 $2 e3+ 29. Qxe3 Bxh1) 28... exf3 29. h6 $1 Qg6 30. exf3 Bb7 31.
Bd3 Qg5 32. Rb1 Rxb1 33. Bxb1 Qe5 34. Qxe5 $5 fxe5 35. Bf5 $5 Bc8 36. Rc1 Bxf5
37. gxf5 {White has a positional advantage in the rook ending.} Rb8 38. Rc7 Kg8
39. Ke3 $1 ({Premature is} 39. Rxa7 $2 Kf8 40. f6 Ke8 41. Re7+ Kf8 42. Rxe5 Rb6
$1 43. Rf5 Ra6 {drawn (Shirov).}) 39... Kf8 40. f6 $1 Ke8 41. Re7+ $1 Kf8 42.
Rxa7 Ke8 43. Ke4 Rb1 44. a4 $1 Rh1 45. a5 Rxh6 46. Kxe5 Rh1 47. a6 {
Shirov had a great start during the second cycle.} 1-0

[Event "Biel"]
[Site "24"]
[Date "1991.07.28"]
[Round "9"]
[White "Bareev, Evgeny"]
[Black "Adams, Michael"]
[Result "1-0"]
[WhiteElo "2680"]
[BlackElo "2615"]
[Annotator "JvR"]
[PlyCount "85"]
[EventDate "1991.07.??"]
[SourceDate "2013.10.27"]

1. d4 d6 2. Nf3 Bg4 3. c4 Nd7 4. Qb3 Rb8 5. Be3 $5 c6 6. Nc3 Ngf6 7. Nd2 Qa5 8.
d5 e5 9. f3 Bf5 10. Bf2 e4 $2 {The black centre will become weak.} ({Better is
} 10... Be7 11. e4 Bg6 {(Bareev).}) 11. g4 $1 Bg6 12. g5 Nh5 13. Bh3 $1 Be7 $5
14. Bxd7+ Kxd7 15. c5 $1 cxd5 $2 (15... dxc5 16. Ndxe4 Rhd8 {defends well.})
16. Qxd5 $1 Qb4 17. cxd6 $5 Nf4 18. Qb3 $6 (18. Qd4 Qxd4 19. Bxd4 Bxg5 20.
Ndxe4 {wins for White.}) 18... Bxd6 19. Qxb4 Bxb4 20. Bg3 $1 e3 $6 (20... Bxc3
21. bxc3 Nh3 {offers more resistance.}) 21. Nb3 Ne6 22. O-O-O+ Kc6 23. Bxb8
Rxb8 24. Nd4+ $1 Nxd4 25. Rxd4 Bc5 26. Rd5 b5 27. Rhd1 Rc8 28. h4 b4 29. Ne4
Bb6 30. R1d3 Kb7+ 31. Kd1 Ka6 32. Rd6 Ka5 33. b3 f5 34. R3d5+ Ka6 35. Nc5+ Kb5
36. Nd3+ Ka6 37. Rd7 Ba5 38. R7d6+ Bb6 39. Nxb4+ Kb7 40. f4 Bc7 41. Rd7 Kb6 42.
a4 a6 43. a5+ {Bareev chased Shirov in the standings.} 1-0

[Event "Biel"]
[Site "24"]
[Date "1991.07.31"]
[Round "12"]
[White "Kozul, Zdenko"]
[Black "Lautier, Joel"]
[Result "0-1"]
[WhiteElo "2560"]
[BlackElo "2560"]
[Annotator "JvR"]
[PlyCount "64"]
[EventDate "1991.07.??"]
[SourceDate "2013.10.27"]

1. d4 d5 2. c4 c6 3. e3 Nf6 4. Nc3 e6 5. Nf3 Nbd7 6. Bd3 dxc4 7. Bxc4 b5 8. Bd3
Bb7 9. e4 b4 10. Na4 c5 11. e5 Nd5 12. O-O cxd4 13. Re1 a6 14. Re4 $6 ({
Usual is} 14. Nxd4) 14... g6 15. Bg5 Qa5 16. Nd2 $2 (16. Rxd4 $5 Bg7 17. a3
bxa3 18. Rxa3 {takes the initiative.}) 16... Bc6 $1 17. Nc4 (17. b3 h6 {
also favours Black.}) 17... Qxa4 18. b3 Nc3 $1 19. Qe1 ({The pointe is} 19.
bxa4 $2 Nxd1 20. Rxd1 h6 21. Rh4 Bg7) 19... Qb5 $5 20. Nd6+ Bxd6 21. Bxb5 axb5
22. exd6 $2 (22. Rxd4 Bc5 23. Rh4 O-O {offers more resistance (Lautier).})
22... Bxe4 23. Bh6 f6 24. f3 Bd5 25. Qh4 Kf7 26. Re1 Rxa2 27. Kh1 Ne2 $1 28. h3
Ne5 29. Rf1 g5 30. Qe1 Nd3 31. Qb1 Rd2 32. Kh2 Nc3 $1 {
Black has an abundant compensation for the pawn.} 0-1

[Event "Biel"]
[Site "24"]
[Date "1991.08.02"]
[Round "13"]
[White "Shirov, Alexei"]
[Black "Kozul, Zdenko"]
[Result "1-0"]
[WhiteElo "2610"]
[BlackElo "2560"]
[Annotator "JvR"]
[PlyCount "67"]
[EventDate "1991.07.??"]
[SourceDate "2013.10.27"]

1. d4 Nf6 2. c4 g6 3. Nc3 d5 4. cxd5 Nxd5 5. e4 Nxc3 6. bxc3 Bg7 7. Bc4 c5 8.
Ne2 O-O 9. Be3 Nc6 10. Rc1 cxd4 11. cxd4 Qa5+ 12. Kf1 Bd7 13. h4 Rfc8 14. h5
Nd8 15. f3 b5 $5 (15... Bb5 16. Bxb5 Qxb5 {
happened in Shirov - Gurevich, Santiago de Chile 1990.}) 16. Bb3 Rxc1 17. Bxc1
Qb6 $2 {He makes the decisive error allready.} ({Better is} 17... b4 $1 18.
hxg6 hxg6) 18. hxg6 hxg6 19. Qe1 $1 Rc8 20. Bg5 $1 (20. Qh4 $2 Rxc1+ $1 21.
Nxc1 Qxd4 22. Qxe7 Ne6 {does not win (Shirov).}) 20... Ne6 21. Bxe7 g5 22. d5
Nd4 23. Bxg5 b4 24. Be3 Qa6 25. Bxd4 Bxd4 26. Qd2 Bg7 27. d6 $1 Bb5 28. Bxf7+
$1 {He lights a fire on the board.} Kf8 ({The pointe is} 28... Kxf7 29. Qd5+
Kf8 30. Qf5+ Kg8 31. Qe6+ Kf8 32. Rh5 $1 Bxe2+ 33. Kf2 Bd4+ 34. Kg3 {
and Shirov has a mate attack.}) 29. Be6 Rc1+ 30. Qxc1 Bxe2+ 31. Kf2 Bd4+ 32.
Kg3 Qxd6+ 33. Qf4+ Ke7 $5 34. Rh7+ {Shirov had the lead.} 1-0

[Event "Biel"]
[Site "24"]
[Date "1991.08.03"]
[Round "14"]
[White "Bareev, Evgeny"]
[Black "Shirov, Alexei"]
[Result "1/2-1/2"]
[WhiteElo "2680"]
[BlackElo "2610"]
[Annotator "JvR"]
[PlyCount "122"]
[EventDate "1991.07.??"]
[SourceDate "2013.10.27"]

{Bareev had to defeat Shirov in the last round.} 1. d4 Nf6 2. c4 g6 3. g3 c5 4.
Nf3 cxd4 5. Nxd4 d5 6. Bg2 Bg7 7. Nc2 $5 (7. cxd5 Nxd5 8. O-O O-O 9. Nc3 {
leads to a well-known position.}) 7... Qa5+ $6 ({More solid is} 7... dxc4 8.
Qxd8+ Kxd8 {(Kengis - Andersson, Pula 1997).}) 8. b4 $1 Qc7 9. cxd5 $1 {
Bareev delivers a positional sacrifice.} Ng4 10. O-O Bxa1 11. Nxa1 O-O 12. Nb3
Nd7 $6 ({Better is} 12... Rd8 13. Bb2 Qc4 14. a3 Nd7) 13. Qd4 $1 Ngf6 14. Bb2 {
White controls the long diagonals.} Qb6 15. Qc3 e5 16. dxe6 fxe6 17. N1d2 e5 $1
18. Nc4 Qe6 19. Nc5 Qe7 20. Rd1 $2 (20. Rc1 $1 Nxc5 21. bxc5 Qxc5 22. Ba3 Qd4
23. Bxf8 Qxc3 24. Rxc3 Kxf8 25. Nxe5 {gains a pawn and the game.}) 20... Nxc5
21. Nxe5 $2 {He should recapture the knight.} Ncd7 $2 (21... Ne6 $1 {
uses the black knights as defenders.}) 22. Qc4+ Kg7 23. Qc7 Rf7 24. Nxf7 Kxf7
25. Rd6 Kf8 26. Bc1 $5 Nb6 27. Qc5 Nfd7 28. Bh6+ $5 Ke8 29. Qd4 Ne5 $2 30. Bf4
$2 {Bareev misses the needed win again.} ({They miss} 30. Rd8+ $1 Qxd8 31.
Qxe5+ Qe7 32. Qh8+ Kd7 33. h4 $1 {and Bg5.}) 30... Nf7 $1 31. Rf6 Nd7 $2 (31...
Bf5 $1 {imprisons the rook and wins for Black.}) 32. Rc6 g5 $5 33. Bd6 Nxd6 34.
Rxd6 Nf8 35. h4 $5 gxh4 36. Bf3 Bf5 37. gxh4 Rd8 38. Rxd8+ Qxd8 39. Qe5+ Be6
40. Qh5+ Bf7 41. Qe5+ Be6 42. Qh5+ Ng6 $5 43. Qxh7 Bf7 44. Qh6 Qd1+ 45. Kg2 Qd4
46. Kg1 Qxb4 47. Qe3+ Kf8 48. h5 Nf4 49. Qxa7 Bxh5 50. Qb8+ Be8 51. Kh2 $1 Qd4
52. e3 Qh8+ 53. Kg1 Qg7+ 54. Kh2 Qh6+ 55. Kg1 Qg6+ 56. Kh2 Nd3 57. Bxb7 Qb6 58.
Qg3 Qxb7 59. Qd6+ Qe7 60. Qxd3 Qh4+ 61. Kg1 Qg5+ {Shirov kept his lead. The
final standings became: Shirov 91/2/14, Bareev 81/2, Andersson and Lautier 71/
2, Christiansen 7, Adams 6, Gavrikov 51/2, Kozul 41/2.} 1/2-1/2

[Event "Biel"]
[Site "25"]
[Date "1992.07.17"]
[Round "1"]
[White "Hansen, Curt"]
[Black "Georgiev, Kiril"]
[Result "0-1"]
[WhiteElo "2635"]
[BlackElo "2610"]
[Annotator "JvR"]
[PlyCount "72"]
[EventDate "1992.07.??"]
[SourceDate "2013.10.27"]

{The twenty-fifth Schachfestival was played from 17 vii until 1 viii 1992.
Eight strong grandmasters carried out two cycles. Star player was Karpov. His
main competitor was Georgiev. We follow their decided games.} 1. c4 Nf6 2. Nc3
e6 3. Nf3 d5 4. d4 Be7 5. Bg5 h6 6. Bh4 O-O 7. e3 b6 8. Bd3 dxc4 9. Bxc4 Bb7
10. O-O Nbd7 11. Qe2 a6 12. Rad1 b5 13. Bd3 Nd5 $5 14. Bxe7 Qxe7 15. Nxd5 Bxd5
$1 16. e4 Bb7 17. e5 $1 c5 18. Be4 $6 (18. dxc5 Nxc5 19. Bb1 {
keeps the equality.}) 18... Bxe4 19. Qxe4 c4 $1 {Black takes the initiative.}
20. d5 $6 ({Preferable is} 20. Qe2 $1 Nb6 21. Nd2 Nd5 22. Ne4) 20... exd5 21.
Qxd5 Nc5 22. Qd6 Rfe8 23. Rd5 Nd3 $1 {The position of White is exposed.} 24. b3
Rac8 25. bxc4 bxc4 26. g3 $2 ({Better is} 26. Qxe7 Rxe7 27. Rb1) 26... Qb7 27.
Kg2 $5 Rcd8 28. Qxd8 Rxd8 29. Rxd8+ Kh7 30. Rd1 Nxe5 31. R1d5 Nxf3 32. Kxf3 c3
$1 33. R8d7 Qc6 34. R7d6 Qc4 35. Rd4 Qc8 36. Rd8 Qc6+ {
The passed pawn is going to queen.} 0-1

[Event "Biel"]
[Site "25"]
[Date "1992.07.17"]
[Round "1"]
[White "Karpov, Anatoly"]
[Black "Lautier, Joel"]
[Result "1-0"]
[WhiteElo "2715"]
[BlackElo "2580"]
[Annotator "JvR"]
[PlyCount "81"]
[EventDate "1992.07.??"]
[SourceDate "2013.10.27"]

1. d4 d5 2. c4 c6 3. Nc3 Nf6 4. e3 e6 5. Nf3 Nbd7 6. Qc2 Bd6 7. Be2 O-O 8. O-O
Re8 9. Rd1 Qe7 10. h3 b6 $5 11. e4 Nxe4 12. Nxe4 dxe4 13. Qxe4 Bb7 14. Bf4 Rad8
15. Bxd6 Qxd6 16. Ne5 Nxe5 $5 (16... Nf6 $5 17. Qe3 c5 18. dxc5 Qxc5 19. Qxc5
bxc5 {will draw in the same year.}) 17. dxe5 Qc7 18. Bf3 Ba8 $5 {
Lautier plays passively.} 19. Rxd8 $5 Rxd8 20. Rd1 Rxd1+ 21. Bxd1 Qd8 22. Bf3
$1 {White exerts a pin. Black can gain a pawn.} Qd2 23. b3 Qxa2 $5 {
Lautier accepts the challenge.} 24. b4 $1 Qa1+ 25. Kh2 Qa6 $6 (25... Qa3 $1 26.
c5 $1 {(Kortschnoj)} Qb2 $1 27. cxb6 axb6 28. b5 Qxb5 29. Qd4 Qc5 30. Qd8+ Qf8
31. Qxb6 {draws.}) 26. Qd4 $1 Qc8 27. c5 $1 bxc5 28. Qxc5 a6 $1 29. Qe7 {
White has an advantage, despite the minus pawn.} g6 30. h4 $1 h5 $5 {
Black chooses a hard way.} 31. Kg3 $1 Qb7 $2 {
Lautier misses the last chance to draw.} ({Better is} 31... Qb8 $1 32. Kf4 {
(Karpov)} Qb6 $5 33. Qe8+ Kg7 34. Qxa8 Qd4+ 35. Kg3 Qxe5+ 36. Kh3 Qf5+ 37. Kh2
Qf4+ 38. Kg1 Qc1+ {and Black delivers perpetual check.}) 32. Qxb7 Bxb7 33. Kf4
$1 {White is going to win the bishop ending.} Kf8 34. Kg5 Ke7 35. Be4 Ba8 36.
f3 $1 Bb7 37. g4 $1 Ba8 ({Or} 37... hxg4 38. fxg4 Ba8 39. h5) 38. gxh5 gxh5 39.
f4 Bb7 40. Bf3 Ba8 41. Kxh5 {Karpov utilised a small advantage.} 1-0

[Event "Biel"]
[Site "25"]
[Date "1992.07.19"]
[Round "3"]
[White "Karpov, Anatoly"]
[Black "Kortschnoj, Viktor"]
[Result "1-0"]
[WhiteElo "2715"]
[BlackElo "2575"]
[Annotator "JvR"]
[PlyCount "105"]
[EventDate "1992.07.??"]
[SourceDate "2013.10.27"]

1. d4 Nf6 2. c4 e6 3. Nf3 b6 4. g3 Ba6 5. b3 Bb7 6. Bg2 Bb4+ 7. Bd2 c5 8. O-O
O-O 9. Bc3 d5 10. cxd5 Nxd5 11. Bb2 cxd4 12. Qxd4 Qf6 13. a3 $5 ({Known is} 13.
Ne5) 13... Qxd4 14. Nxd4 Bc5 15. Nb5 $1 {White has a plus.} Nc6 $2 ({
Preferable is} 15... Nd7 16. Rd1 Rfc8) 16. b4 $1 Be7 17. e4 {
The black pieces are chased.} Nf6 18. e5 Nd5 19. N1c3 $1 Nxc3 20. Bxc3 Nd8 $5 (
{The alternative is} 20... Rab8 21. Nd6 Ba8) 21. Bxb7 Nxb7 22. Rfd1 Rfd8 23.
Rxd8+ Bxd8 24. Rd1 a6 $1 25. Rd7 $1 axb5 26. Rxb7 Kf8 $1 27. Bd4 Ra6 28. h4 $1
h5 29. Kf1 Ke8 30. Ke2 Kf8 31. Rb8 Ke8 32. Rb7 Kf8 33. Kf1 Ke8 34. Kg2 Kf8 35.
Rb8 Ke7 36. Rb7+ Kf8 37. Be3 $1 {Karpov makes a winning attempt.} Ke8 38. Kf1
$1 Kf8 $2 {Kortschnoj misses the last try.} (38... Rxa3 39. Bxb6 {(Karpov)} Be7
40. Rb8+ Kd7 41. Ba5 Rb3 42. Rb7+ Ke8 43. Rxb5 Rb2 {goes for the last chance.})
39. Rb8 $1 Ke7 40. Bg5+ f6 41. exf6+ gxf6 42. Bxf6+ $1 Kxf6 43. Rxd8 Rxa3 44.
Rh8 $1 Rb3 45. Rxh5 Rxb4 46. Kg2 Kg6 47. Re5 Kf6 48. f4 Rb2+ 49. Kf3 b4 50. Rb5
b3 51. Kg4 Rb1 52. Kh5 b2 53. g4 $1 {Karpov played another fine rook ending.}
1-0

[Event "Biel"]
[Site "25"]
[Date "1992.07.21"]
[Round "5"]
[White "Karpov, Anatoly"]
[Black "Beliavsky, Alexander"]
[Result "1-0"]
[WhiteElo "2715"]
[BlackElo "2595"]
[Annotator "JvR"]
[PlyCount "77"]
[EventDate "1992.07.??"]
[SourceDate "2013.10.27"]

1. e4 e5 2. Nf3 Nc6 3. Bb5 a6 4. Ba4 Nf6 5. O-O Be7 6. Re1 b5 7. Bb3 d6 8. c3
O-O 9. h3 Nb8 10. d4 Nbd7 11. Nbd2 Bb7 12. Bc2 Re8 13. a4 Bf8 14. Bd3 c6 15. b3
g6 16. Qc2 Bg7 17. Bb2 Nh5 18. Bf1 Qb6 19. b4 $5 Nf4 20. dxe5 Nxe5 21. Nxe5
dxe5 22. c4 {White has a plus.} Rad8 $5 23. axb5 axb5 $6 ({Better is} 23...
cxb5 $1 24. c5 Qf6 {(Karpov).}) 24. Ra5 $1 Bf8 25. Bc3 Ne6 26. Nf3 Nd4 $1 27.
Bxd4 exd4 28. c5 $1 Qc7 29. Ra7 Qb8 30. Qa2 d3 $1 31. Ra3 d2 32. Nxd2 Rd4 $1 {
Black counters.} 33. e5 $1 Rxb4 34. e6 fxe6 35. Rxe6 Kh8 $1 36. Rae3 Rxe6 $2 ({
Correct is} 36... Qa8 $1 37. Ra3 Qc8) 37. Qxe6 $1 {
Suddenly, White has a mate attack.} Rf4 38. Ne4 Qd8 $2 39. Qe5+ {
Karpov won his third game.} 1-0

[Event "Biel"]
[Site "25"]
[Date "1992.07.21"]
[Round "5"]
[White "Shirov, Alexei"]
[Black "Georgiev, Kiril"]
[Result "0-1"]
[WhiteElo "2710"]
[BlackElo "2610"]
[Annotator "JvR"]
[PlyCount "82"]
[EventDate "1992.07.??"]
[SourceDate "2013.10.27"]

1. d4 Nf6 2. c4 e6 3. Nc3 Bb4 4. f3 d5 5. a3 Bxc3+ 6. bxc3 c5 7. cxd5 Nxd5 8.
Qd3 b6 9. e4 Ba6 10. Qd2 Bxf1 11. Kxf1 Ne7 12. Ne2 Nbc6 $5 13. dxc5 Qc8 $5 {
Black wants to fight.} 14. Qe3 $5 O-O $1 15. cxb6 Rd8 16. Kf2 axb6 17. Rb1 Ne5
18. Qxb6 Qc4 {Black has compensation for the two pawns.} 19. Be3 Nd3+ 20. Kg3
$1 {The king starts an adventure.} f5 $1 21. Bg5 Rd7 22. Nd4 $2 (22. Bxe7 Rxe7
23. Qd6 $1 {gains an advantage (Georgiev).}) 22... f4+ 23. Kh4 (23. Bxf4 Nxf4
24. Kxf4 e5+ $1 {favours Black.}) 23... Ng6+ 24. Kh5 Nf8 $1 25. Qc6 Qa2 $3 {
He neglects material and triumphs.} 26. Rhg1 $5 ({The pointe is} 26. Qxa8 Qxg2
27. Rbg1 Qh3+ 28. Bh4 g6+ 29. Kg5 h6+ {and mate.}) 26... e5 $5 (26... g6+ $1
27. Kh6 Ne5 {wins at once.}) 27. Qxa8 Qf7+ 28. Kh4 h6 29. g4 hxg5+ $5 30. Kh3
exd4 31. cxd4 Nf2+ $5 32. Kg2 Qa2 33. Qb8 Nd3+ 34. Kh1 {
The king has made a full retreat.} Qe2 35. Rgf1 Rxd4 36. Qb3+ Kh7 37. Qb5 Rd6
$1 38. h4 Ng6 39. Qxg5 Nxh4 40. Qxh4+ Rh6 41. Qxh6+ Kxh6 {
Georgiev won a great game.} 0-1